[Event "Sachsen-ch U18 Girls"]
[Site "Sebnitz"]
[Date "2011.04.26"]
[Round "1"]
[White "Guendel, Anna"]
[Black "Nguyen Minh, Thuy"]
[Result "0-1"]
[WhiteElo "1247"]
[BlackElo "1891"]
[PlyCount "108"]
[EventDate "2011.04.26"]
[EventType "tourn"]
[EventRounds "5"]
[EventCountry "GER"]
[SourceTitle "EXT 2012"]
[Source "ChessBase"]
[SourceDate "2011.11.24"]
[SourceVersion "1"]
[SourceVersionDate "2011.11.24"]
[SourceQuality "1"]

1. e4 c5 2. Nc3 Nc6 3. Nf3 d6 4. Bc4 e6 5. d3 g6 6. Qe2 Bg7 7. Bd2 Nge7 8. 0-0 a6 9. a4 Rb8 10. Nd1 0-0 11. Bc3 e5 12. Ne3 h6 13. Bd2 Kh7 14. h3 f5 15. exf5 Nxf5 16. Ng4 Nfd4 17. Nxd4 Nxd4 18. Qd1 Qh4 19. c3 Ne6 20. Be1 h5 21. f3 Qg5 22. Bd2 Qh4 23. Ne3 Nf4 24. Be1 Qg5 25. h4 Qd8 26. Bg3 Bf6 27. Qe1 b5 28. axb5 axb5 29. Ra7+ Kh8 30. Nd5 Nxg2 31. Kxg2 bxc4 32. Nxf6 Rxb2+ 33. Rf2 Rxf2+ 34. Qxf2 Qxf6 35. dxc4 Be6 36. Qe2 Qf5 37. Qe4 Qxe4 38. fxe4 Rf7 39. Ra8+ Kg7 40. Rd8 Rd7 41. Rxd7+ Bxd7 42. Kf3 Be6 43. Ke3 Bxc4 44. Be1 Kf6 45. Kf3 d5 46. exd5 Bxd5+ 47. Ke3 g5 48. hxg5+ Kxg5 49. Kd3 h4 50. Bf2 c4+ 51. Kd2 Kg4 52. Bc5 h3 53. Bg1 Kg3 54. Ke2 Kg2 0-1

[Event "BL2 Mitte 1011 (Women)"]
[Site "Germany"]
[Date "2011.01.09"]
[Round "5.2"]
[White "Nguyen Minh, Thuy"]
[Black "Mucha, Annegret"]
[Result "1-0"]
[WhiteElo "1918"]
[BlackElo "2005"]
[PlyCount "49"]
[EventDate "2010.11.06"]
[EventType "team-tourn"]
[EventRounds "7"]
[EventCountry "GER"]
[SourceTitle "EXT 2012"]
[Source "ChessBase"]
[SourceDate "2011.11.24"]
[SourceVersion "1"]
[SourceVersionDate "2011.11.24"]
[SourceQuality "1"]
[WhiteTeam "Chemnitz (W)"]
[BlackTeam "Zeulenroda (W)"]
[WhiteTeamCountry "GER"]
[BlackTeamCountry "GER"]

1. e4 c5 2. Nf3 d6 3. d4 cxd4 4. Nxd4 Nf6 5. Nc3 a6 6. Be3 e6 7. Be2 Be7 8. f4 Qc7 9. 0-0 Nc6 10. Kh1 0-0 11. Rf3 b5 12. a3 Bb7 13. Bd3 Na5 14. Rg3 Nc4 15. Bc1 Rac8 16. Qf3 Qb6 17. Nce2 b4 18. a4 Rfd8 19. b3 Na5 20. f5 e5 21. Bh6 Kf8 22. Rxg7 Ke8 23. Ne6 fxe6 24. fxe6 d5 25. Rg8+ 1-0

[Event "GER-chT U20 Girls"]
[Site "Magdeburg"]
[Date "2010.12.27"]
[Round "1.2"]
[White "Orhan, Eda"]
[Black "Nguyen Minh, Thuy"]
[Result "0-1"]
[WhiteElo "1716"]
[BlackElo "1936"]
[PlyCount "102"]
[EventDate "2010.12.27"]
[EventType "team-swiss"]
[EventRounds "7"]
[EventCountry "GER"]
[SourceTitle "CBM 140 Extra"]
[Source "ChessBase"]
[SourceDate "2011.03.01"]
[SourceVersion "1"]
[SourceVersionDate "2011.03.01"]
[SourceQuality "1"]
[WhiteTeam "Wesel"]
[BlackTeam "Rossdorf"]
[WhiteTeamCountry "GER"]
[BlackTeamCountry "GER"]

1. d4 Nf6 2. Bg5 e6 3. Nf3 Be7 4. e3 b6 5. Bd3 Bb7 6. 0-0 d5 7. Nbd2 h6 8. Bh4 Nbd7 9. c3 0-0 10. Qc2 c5 11. Ne5 Nxe5 12. dxe5 Ng4 13. Bg3 Bh4 14. Bxh4 Qxh4 15. Nf3 Qh5 16. h3 Nxe5 17. Nxe5 Qxe5 18. Qe2 f5 19. f4 Qf6 20. Ba6 Bxa6 21. Qxa6 c4 22. Rac1 Rfc8 23. Qa3 Rc5 24. Rfd1 Ra5 25. Qd6 Rxa2 26. Rd2 Ra5 27. Rcd1 Rc5 28. Qe5 Qxe5 29. fxe5 a5 30. Kf2 b5 31. Ra1 Rcc8 32. Kf3 b4 33. g4 g6 34. gxf5 gxf5 35. Rg2+ Kf7 36. h4 bxc3 37. bxc3 Rcb8 38. Rag1 Rg8 39. Rxg8 Rxg8 40. Ra1 Ra8 41. h5 Ke7 42. Ke2 Kd7 43. Kd2 Kc6 44. Kc2 a4 45. Rg1 a3 46. Kb1 Rb8+ 47. Ka2 Rb2+ 48. Kxa3 Rb3+ 49. Ka4 Rxc3 50. Re1 Rc2 51. Kb4 Rh2 0-1

[Event "BL2 Mitte 1011 (Women)"]
[Site "Germany"]
[Date "2010.12.04"]
[Round "3.2"]
[White "Nguyen Minh, Thuy"]
[Black "Koepke, Elena"]
[Result "0-1"]
[WhiteElo "1918"]
[BlackElo "2346"]
[PlyCount "86"]
[EventDate "2010.11.06"]
[EventType "team-tourn"]
[EventRounds "7"]
[EventCountry "GER"]
[SourceTitle "EXT 2012"]
[Source "ChessBase"]
[SourceDate "2011.11.24"]
[SourceVersion "1"]
[SourceVersionDate "2011.11.24"]
[SourceQuality "1"]
[WhiteTeam "Chemnitz (W)"]
[BlackTeam "Leipzig Allianz (W)"]
[WhiteTeamCountry "GER"]
[BlackTeamCountry "GER"]

1. e4 b6 2. Nc3 Bb7 3. d3 e6 4. Qe2 Bb4 5. Bd2 Nc6 6. Qg4 Qf6 7. Nge2 h5 8. Qh3 Nge7 9. f4 d5 10. e5 Qg6 11. 0-0-0 0-0-0 12. d4 Nf5 13. a3 Be7 14. Be1 Kb8 15. Kb1 Ba6 16. Bf2 Na5 17. Nc1 Bxf1 18. Rhxf1 Nc4 19. Nb3 Qg4 20. Qd3 Qxg2 21. Bg1 Qg6 22. Nd2 Nfe3 23. Nxc4 Qxd3 24. cxd3 Nxd1 25. Rxd1 dxc4 26. dxc4 c6 27. Rf1 g6 28. Ne4 Rd7 29. Kc2 Rf8 30. c5 f6 31. Re1 fxe5 32. fxe5 Rf3 33. Re2 Rd8 34. Be3 Rg8 35. Bg5 Rf7 36. Be3 g5 37. b4 g4 38. Kd3 h4 39. Rg2 Rf1 40. h3 g3 41. a4 Ra1 42. Nc3 Rf8 43. Re2 Rh1 0-1

[Event "GER-ch U18 Girls"]
[Site "Oberhof"]
[Date "2010.05.26"]
[Round "6"]
[White "Frey, Alisa"]
[Black "Nguyen Minh, Thuy"]
[Result "0-1"]
[WhiteElo "2049"]
[BlackElo "1895"]
[PlyCount "120"]
[EventDate "2010.05.22"]
[EventType "swiss"]
[EventRounds "9"]
[EventCountry "GER"]
[SourceTitle "CBM 136 Extra"]
[Source "ChessBase"]
[SourceDate "2010.07.02"]
[SourceVersion "2"]
[SourceVersionDate "2010.07.15"]
[SourceQuality "1"]

1. e4 c5 2. Nf3 d6 3. d4 cxd4 4. Nxd4 Nf6 5. Nc3 a6 6. f3 e5 7. Nb3 Be6 8. Be3 Be7 9. Qd2 0-0 10. 0-0-0 Nbd7 11. g4 b5 12. g5 b4 13. Ne2 Ne8 14. f4 a5 15. f5 a4 16. fxe6 axb3 17. exf7+ Rxf7 18. Kb1 Rxa2 19. cxb3 Qa8 20. Nc1 Ra1+ 21. Kc2 Qxe4+ 22. Bd3 Qc6+ 23. Bc4 Nc7 24. Rhf1 d5 25. Rxf7 Kxf7 26. Qf2+ Ke8 27. Qg2 Ra6 28. Rxd5 Nxd5 29. Qxd5 Qxd5 30. Bxd5 Bc5 31. Bd2 Rd6 32. Be4 g6 33. Nd3 Rd4 34. Bc6 Bd6 35. Nf2 Rh4 36. Ne4 Ke7 37. Ba8 Rxh2 38. Bd5 Bc5 39. Kd3 Nb6 40. Bb7 Bd6 41. Nxd6 Kxd6 42. Bxb4+ Kc7 43. Ba6 Rxb2 44. Bc3 Rxb3 45. Kc2 Rxc3+ 46. Kxc3 Kd6 47. Kd3 Nd7 48. Bc4 Nc5+ 49. Ke3 Ne6 50. Be2 Nxg5 51. Bg4 h5 52. Be2 h4 53. Bf1 h3 54. Kf2 e4 55. Kg3 Ke5 56. Kg4 h2 57. Bg2 e3 58. Kg3 Ne4+ 59. Kf3 Kd4 60. Ke2 Ng3+ 0-1